|
|
|
|
| LEADER |
01024cam a22002894a 4500 |
| 001 |
AAL7362 |
| 003 |
BD-DhAAL |
| 005 |
20160509180600.0 |
| 008 |
160509s2006 enka b 001 0 eng |
| 010 |
|
|
|a 2006045326
|
| 020 |
|
|
|a 1403918783 (pbk.)
|
| 020 |
|
|
|a 9781403918789
|c (pbk.)
|
| 040 |
|
|
|a DLC
|c DLC
|d DLC
|d BD-DhAAL
|
| 050 |
0 |
0 |
|a BD31
|b .G74 2006
|
| 082 |
0 |
0 |
|a 100
|2 22
|
| 100 |
1 |
|
|a Greetham, Bryan,
|d 1946-
|9 19499
|
| 245 |
1 |
0 |
|a Philosophy /
|c Bryan Greetham.
|
| 260 |
|
|
|a Basingstoke [England] ;
|a New York :
|b Palgrave Macmillan,
|c c2006.
|
| 300 |
|
|
|a xvii, 438 p. :
|b ill. ;
|c 25 cm.
|
| 440 |
|
0 |
|a Palgrave foundations
|9 19500
|
| 504 |
|
|
|a Includes bibliographical references (p. [416]-428) and index.
|
| 541 |
|
|
|e 7362
|
| 650 |
|
0 |
|a Philosophy.
|9 19501
|
| 852 |
|
|
|a Savar Campus Library:
|c General Shelf
|
| 942 |
|
|
|2 ddc
|c BK
|
| 999 |
|
|
|c 37546
|d 37546
|
| 952 |
|
|
|0 0
|1 0
|2 ddc
|4 0
|6 100_000000000000000_GRE
|7 0
|9 58957
|a SCL
|b SCL
|c GEN
|d 2016-05-09
|g 2088.00
|l 11
|m 39
|o 100 GRE
|p 3020007362
|r 2025-08-09
|s 2025-07-31
|t 1
|w 2016-05-09
|y BK
|